[Event "CAN-op"]
[Site "Victoria CAN"]
[Date "2012.07.10"]
[Round "5"]
[White "Laceste, Loren"]
[Black "Porper, Edward"]
[Result "0-1"]
[WhiteElo "2297"]
[BlackElo "2421"]
[PlyCount "140"]
[GameId "2160767909508194"]
[EventDate "2012.07.08"]
[EventType "swiss"]
[EventRounds "9"]
[EventCountry "CAN"]
[SourceTitle "CBM 149 Extra"]
[Source "ChessBase"]
[SourceDate "2012.08.24"]
[SourceVersion "1"]
[SourceVersionDate "2012.08.24"]
[SourceQuality "1"]

1. Nf3 Nf6 2. d4 e6 3. e3 b6 4. c4 Bb7 5. Be2 Bb4+ 6. Bd2 a5 7. a3 Bxd2+ 8. Nbxd2 O-O 9. Qc2 d6 10. O-O Qe7 11. e4 e5 12. d5 a4 13. Ne1 Bc8 14. Nd3 Bg4 15. Bxg4 Nxg4 16. Rae1 Nd7 17. h3 Ngf6 18. f4 exf4 19. Rxf4 Ne5 20. Nxe5 dxe5 21. Rf3 Nd7 22. Kh1 Nc5 23. Nb1 Qh4 24. Rff1 Rfd8 25. Nc3 Rd6 26. Qd1 Rad8 27. Qe2 Rg6 28. Rf3 Rdd6 29. Ref1 Rgf6 30. Kh2 Rxf3 31. Rxf3 Rg6 32. Qf2 Qe7 33. Qe2 Kf8 34. Rf5 Rg5 35. Qf3 Rxf5 36. Qxf5 g6 37. Qf3 Qh4 38. Qg3 Qf6 39. Kg1 h5 40. Qe3 Ke8 41. Qg3 Kd7 42. Qf3 Qf4 43. Qd1 Qe3+ 44. Kh2 Qf4+ 45. Kg1 Ke8 46. d6 c6 47. Nxa4 Qe3+ 48. Kh2 Qf4+ 49. Kg1 Nxe4 50. d7+ Kd8 51. Qf3 Qxf3 52. gxf3 Nd2 53. Nxb6 Nxf3+ 54. Kf2 e4 55. Ke3 f5 56. h4 Nxh4 57. a4 Ng2+ 58. Kf2 Nf4 59. Ke3 Nd3 60. a5 Nc5 61. b4 Nxd7 62. Nxd7 Kxd7 63. b5 cxb5 64. cxb5 Kc7 65. Kd4 h4 66. Kc5 e3 67. a6 e2 68. b6+ Kb8 69. Kc6 e1=Q 70. a7+ Ka8 0-1

[Event "CAN-op"]
[Site "Victoria CAN"]
[Date "2012.07.10"]
[Round "5"]
[White "Li, Kevin"]
[Black "Longo, Tyler"]
[Result "1/2-1/2"]
[WhiteElo "2232"]
[BlackElo "2004"]
[PlyCount "61"]
[GameId "2160767909508195"]
[EventDate "2012.07.08"]
[EventType "swiss"]
[EventRounds "9"]
[EventCountry "CAN"]

1. e4 d5 2. exd5 Nf6 3. d4 Bg4 4. Be2 Bxe2 5. Qxe2 Qxd5 6. Nf3 Nc6 7. Be3 e6 8. O-O Bd6 9. Nc3 Qf5 10. Qb5 Qxb5 11. Nxb5 Nb4 12. Bd2 Nc6 13. Rad1 Ne4 14. Nxd6+ Nxd6 15. Bf4 Rd8 16. d5 exd5 17. Rxd5 O-O 18. Rfd1 Nb5 19. Rxd8 Rxd8 20. Rxd8+ Nxd8 21. c4 Ne6 22. Be3 Nd6 23. b3 a6 24. Nd4 Nxd4 25. Bxd4 f6 26. f3 Kf7 27. Kf2 Ke6 28. g4 g6 29. a4 f5 30. Ke3 Nf7 31. h4 1/2-1/2

[Event "CAN-op"]
[Site "Victoria CAN"]
[Date "2012.07.10"]
[Round "5"]
[White "MacKinnon, Keith"]
[Black "Erichsen, Dan"]
[Result "1/2-1/2"]
[WhiteElo "2183"]
[BlackElo "2123"]
[PlyCount "42"]
[GameId "2160767909508196"]
[EventDate "2012.07.08"]
[EventType "swiss"]
[EventRounds "9"]
[EventCountry "CAN"]
[SourceTitle "CBM 149 Extra"]
[Source "ChessBase"]
[SourceDate "2012.08.24"]
[SourceVersion "1"]
[SourceVersionDate "2012.08.24"]
[SourceQuality "1"]

1. e4 e5 2. Nf3 Nc6 3. d4 exd4 4. Nxd4 Nf6 5. Nxc6 bxc6 6. e5 Nd5 7. c4 Nb6 8. Bd3 Bb4+ 9. Nd2 d5 10. exd6 Qxd6 11. Qe2+ Be6 12. c5 Bxc5 13. O-O O-O-O 14. Ba6+ Kb8 15. Ne4 Qe5 16. Bg5 Rd5 17. Rac1 Bd7 18. Rc3 Bd6 19. Nxd6 Qxe2 20. Bxe2 cxd6 21. Bf4 Kb7 1/2-1/2

[Event "CAN-op"]
[Site "Victoria CAN"]
[Date "2012.07.10"]
[Round "5"]
[White "Mikhalevski, Victor"]
[Black "McLaren, Brian"]
[Result "1-0"]
[WhiteElo "2526"]
[BlackElo "2154"]
[PlyCount "81"]
[GameId "2160767909508197"]
[EventDate "2012.07.08"]
[EventType "swiss"]
[EventRounds "9"]
[EventCountry "CAN"]
[SourceTitle "CBM 149 Extra"]
[Source "ChessBase"]
[SourceDate "2012.08.24"]
[SourceVersion "1"]
[SourceVersionDate "2012.08.24"]
[SourceQuality "1"]

1. d4 d5 2. c4 e6 3. Nf3 c6 4. Qc2 Nf6 5. e3 Nbd7 6. Nc3 a6 7. a3 dxc4 8. Bxc4 b5 9. Ba2 c5 10. O-O Bb7 11. Rd1 Qc7 12. Qe2 Be7 13. Bd2 O-O 14. Rac1 Qb6 15. Be1 Rad8 16. h3 Ne4 17. Nxe4 Bxe4 18. Bc3 Qb7 19. dxc5 Nxc5 20. Bd4 Nd7 21. Ne5 Nxe5 22. Bxe5 Rxd1+ 23. Qxd1 Rc8 24. Rxc8+ Qxc8 25. Qd4 Qc1+ 26. Kh2 Qc2 27. Bb3 Qd3 28. Bxg7 Qxb3 29. Bh6 f6 30. Qxe4 Kf7 31. Qxh7+ Ke8 32. Qg6+ Kd7 33. Qe4 Qxb2 34. Qb7+ Ke8 35. Qxa6 e5 36. e4 Bxa3 37. Qxf6 Be7 38. Qc6+ Kf7 39. Qd5+ Kg6 40. Qe6+ Bf6 41. Bf8 1-0

[Event "CAN-op"]
[Site "Victoria CAN"]
[Date "2012.07.10"]
[Round "5"]
[White "Molden, Leonard"]
[Black "Beaudin, Jesse"]
[Result "1/2-1/2"]
[WhiteElo "1840"]
[BlackElo "1994"]
[PlyCount "41"]
[GameId "2160767909508198"]
[EventDate "2012.07.08"]
[EventType "swiss"]
[EventRounds "9"]
[EventCountry "CAN"]

1. d4 d5 2. Nf3 Nf6 3. e3 Nbd7 4. b3 e6 5. Bb2 c5 6. Bd3 Qc7 7. Ne5 Bd6 8. f4 b6 9. Nd2 cxd4 10. exd4 Bb4 11. O-O Bc3 12. Qc1 O-O 13. Rb1 Bb7 14. Re1 g6 15. Re2 a6 16. Ndf3 Nxe5 17. fxe5 Ne4 18. Bxe4 dxe4 19. Ng5 Bxb2 20. Qxb2 e3 21. Rxe3 1/2-1/2

[Event "CAN-op"]
[Site "Victoria CAN"]
[Date "2012.07.10"]
[Round "5"]
[White "Pechisker, Alfred"]
[Black "Yearwood, Roy"]
[Result "1-0"]
[WhiteElo "2197"]
[BlackElo "2083"]
[PlyCount "47"]
[GameId "2160767909508199"]
[EventDate "2012.07.08"]
[EventType "swiss"]
[EventRounds "9"]
[EventCountry "CAN"]
[SourceTitle "CBM 149 Extra"]
[Source "ChessBase"]
[SourceDate "2012.08.24"]
[SourceVersion "1"]
[SourceVersionDate "2012.08.24"]
[SourceQuality "1"]

1. c4 b6 2. d4 Bb7 3. Nc3 e6 4. Nf3 Nf6 5. Bg5 Bb4 6. Rc1 h6 7. Bxf6 Qxf6 8. e3 O-O 9. a3 Be7 10. Bd3 Bd8 11. b4 d6 12. O-O Nd7 13. Ne4 Qe7 14. c5 f5 15. c6 fxe4 16. cxb7 Rb8 17. Bxe4 d5 18. Bb1 Rxb7 19. Qd3 Qd6 20. Qh7+ Kf7 21. Bg6+ Kf6 22. Bh5 Rf7 23. Qg6+ Ke7 24. Qxf7# 1-0

[Event "CAN-op"]
[Site "Victoria CAN"]
[Date "2012.07.10"]
[Round "5"]
[White "Perelshteyn, Eugene"]
[Black "Zierk, Steven"]
[Result "1-0"]
[WhiteElo "2525"]
[BlackElo "2478"]
[PlyCount "81"]
[GameId "2160767909508200"]
[EventDate "2012.07.08"]
[EventType "swiss"]
[EventRounds "9"]
[EventCountry "CAN"]
[SourceTitle "CBM 149 Extra"]
[Source "ChessBase"]
[SourceDate "2012.08.24"]
[SourceVersion "1"]
[SourceVersionDate "2012.08.24"]
[SourceQuality "1"]

1. d4 d5 2. c4 c6 3. Nc3 Nf6 4. e3 e6 5. Nf3 Nbd7 6. Bd3 dxc4 7. Bxc4 b5 8. Bd3 Bb7 9. O-O a6 10. e4 b4 11. e5 bxc3 12. exf6 c2 13. Qxc2 Nxf6 14. Be3 Bd6 15. Ne5 Qc7 16. Rac1 h6 17. Rfe1 Nd5 18. Bd2 O-O 19. Qd1 f6 20. Nf3 Rfe8 21. h3 Rac8 22. a3 Qd7 23. b4 a5 24. bxa5 Bxa3 25. Rb1 Bd6 26. Qa4 Ba8 27. a6 Qa7 28. Re2 Nc7 29. Rbe1 c5 30. dxc5 Qxc5 31. Qg4 g5 32. Qh5 Bf8 33. Qg6+ Bg7 34. Rc1 Qd6 35. Bb4 Qxb4 36. Rxc7 Rxc7 37. Qxe8+ Qf8 38. Qxe6+ Qf7 39. Qe8+ Qf8 40. Qg6 Rc1+ 41. Ne1 1-0

[Event "CAN-op"]
[Site "Victoria CAN"]
[Date "2012.07.10"]
[Round "5"]
[White "Piasetski, Leon"]
[Black "Bragg, David"]
[Result "1/2-1/2"]
[WhiteElo "2290"]
[BlackElo "2165"]
[PlyCount "41"]
[GameId "2160767909508201"]
[EventDate "2012.07.08"]
[EventType "swiss"]
[EventRounds "9"]
[EventCountry "CAN"]
[SourceTitle "CBM 149 Extra"]
[Source "ChessBase"]
[SourceDate "2012.08.24"]
[SourceVersion "1"]
[SourceVersionDate "2012.08.24"]
[SourceQuality "1"]

1. c4 e5 2. g3 d6 3. Bg2 c6 4. Nc3 Be6 5. d3 Be7 6. e4 a5 7. Nge2 Na6 8. O-O g5 9. f4 gxf4 10. gxf4 Qb6+ 11. Kh1 Bg4 12. Qe1 Nf6 13. Ng3 Nc5 14. Be3 Qc7 15. Qd2 Ne6 16. f5 Nd4 17. h3 Nh5 18. Nxh5 Bxh5 19. Qf2 Bf6 20. Kh2 Qe7 21. Rg1 1/2-1/2

[Event "CAN-op"]
[Site "Victoria CAN"]
[Date "2012.07.10"]
[Round "5"]
[White "Plotkin, Mark"]
[Black "Kalisvaart, Peter"]
[Result "1-0"]
[WhiteElo "1877"]
[BlackElo "2076"]
[PlyCount "38"]
[GameId "2160767909508202"]
[EventDate "2012.07.08"]
[EventType "swiss"]
[EventRounds "9"]
[EventCountry "CAN"]
[SourceTitle "CBM 149 Extra"]
[Source "ChessBase"]
[SourceDate "2012.08.24"]
[SourceVersion "1"]
[SourceVersionDate "2012.08.24"]
[SourceQuality "1"]

1. e4 e5 2. Nf3 Nc6 3. Bc4 Nf6 4. d3 Bc5 5. O-O O-O 6. Bg5 h6 7. Bh4 d6 8. Nc3 Be6 9. Nd5 Bxd5 10. Bxd5 g5 11. Bxc6 bxc6 12. Bg3 Bb6 13. c3 Nd7 14. d4 Qe7 15. dxe5 dxe5 16. Qc2 f6 17. Rad1 Rfd8 18. b4 Qd6 19. Rxd6 cxd6 1-0

[Event "CAN-op"]
[Site "Victoria CAN"]
[Date "2012.07.10"]
[Round "5"]
[White "Plotkin, Victor"]
[Black "Itkin, David"]
[Result "1-0"]
[WhiteElo "2249"]
[BlackElo "2055"]
[PlyCount "145"]
[GameId "2160767909508203"]
[EventDate "2012.07.08"]
[EventType "swiss"]
[EventRounds "9"]
[EventCountry "CAN"]
[SourceTitle "EXT 2014"]
[Source "ChessBase"]
[SourceDate "2013.11.20"]
[SourceVersion "1"]
[SourceVersionDate "2013.11.20"]
[SourceQuality "1"]

1. e4 c5 2. c3 d5 3. exd5 Qxd5 4. d4 Nf6 5. Nf3 Bg4 6. Be2 e6 7. h3 Bh5 8. Be3 cxd4 9. cxd4 Nc6 10. Nc3 Qd6 11. O-O Be7 12. Qb3 O-O 13. Rfd1 Rfd8 14. Rac1 Nb4 15. Nb5 Qd5 16. Qxd5 Nfxd5 17. a3 Nxe3 18. fxe3 Nd5 19. Kf2 a6 20. Nc7 Rac8 21. Nxd5 exd5 22. Ne5 Bh4+ 23. Kf1 Bxe2+ 24. Kxe2 f6 25. Nd3 Bg3 26. Nb4 Rxc1 27. Rxc1 Kf7 28. Rc3 Bb8 29. Nd3 Rd7 30. Nc5 Rd6 31. Rb3 b5 32. a4 Rb6 33. Nd7 Rb7 34. Nc5 Rb6 35. Nd7 Rb7 36. Nxb8 Rxb8 37. axb5 axb5 38. Rc3 Rb7 39. Kd3 Ke6 40. Rc6+ Kd7 41. Ra6 Kc7 42. Kc3 Rb6 43. Ra7+ Rb7 44. Ra8 Kb6 45. Kb4 Re7 46. Rb8+ Kc6 47. Rc8+ Kd6 48. Rc3 f5 49. b3 Rb7 50. Rc5 Re7 51. Kxb5 Rxe3 52. Rc6+ Kd7 53. Ra6 Rg3 54. Kc5 f4 55. Kxd5 f3 56. Ra7+ Kd8 57. gxf3 Rxf3 58. Kd6 Rf6+ 59. Kc5 Rf3 60. h4 Rf4 61. h5 Rf5+ 62. d5 Rxh5 63. Kc6 Rh1 64. Ra8+ Ke7 65. d6+ Ke6 66. Re8+ Kf7 67. d7 Rc1+ 68. Kb5 Rd1 69. d8=Q Rxd8 70. Rxd8 h5 71. Kc4 h4 72. Kd3 g5 73. Ke4 1-0

[Event "CAN-op"]
[Site "Victoria CAN"]
[Date "2012.07.10"]
[Round "5"]
[White "Trochtchanovitch, Pavel"]
[Black "Finlay, Ian"]
[Result "0-1"]
[WhiteElo "2042"]
[BlackElo "1792"]
[PlyCount "62"]
[GameId "2160767909508204"]
[EventDate "2012.07.08"]
[EventType "swiss"]
[EventRounds "9"]
[EventCountry "CAN"]
[SourceTitle "EXT 2014"]
[Source "ChessBase"]
[SourceDate "2013.11.20"]
[SourceVersion "1"]
[SourceVersionDate "2013.11.20"]
[SourceQuality "1"]

1. e4 e5 2. Nf3 Nc6 3. d4 exd4 4. Bc4 Bc5 5. O-O Qf6 6. Bg5 Qg6 7. Qd2 h6 8. Bf4 d6 9. e5 d5 10. Bxd5 Nge7 11. Bc4 Bg4 12. Be2 Rd8 13. Bg3 O-O 14. a3 a5 15. Qe1 Qxc2 16. Qc1 Qxe2 17. Qxc5 Bxf3 18. gxf3 Qxb2 19. Bh4 Rd5 20. Qc1 Qxa1 21. Bf6 d3 22. Qf4 Nxe5 23. Bxe7 Ng6 24. Qxc7 Nxe7 25. Qxe7 Qe5 26. Qxb7 Rb8 27. Qc6 d2 28. Qc2 Qf4 29. Rd1 Rg5+ 30. Kf1 Qxf3 31. Rxd2 Re8 0-1

[Event "CAN-op"]
[Site "Victoria CAN"]
[Date "2012.07.10"]
[Round "5"]
[White "Villavieja, Butch"]
[Black "Raymer, Elliot"]
[Result "1-0"]
[WhiteElo "2303"]
[BlackElo "1818"]
[PlyCount "81"]
[GameId "2160767909508205"]
[EventDate "2012.07.08"]
[EventType "swiss"]
[EventRounds "9"]
[EventCountry "CAN"]

1. d4 Nf6 2. Nf3 e6 3. c4 d5 4. Nc3 Be7 5. Bg5 O-O 6. Bxf6 Bxf6 7. e4 dxe4 8. Nxe4 b6 9. Nxf6+ Qxf6 10. Be2 Bb7 11. O-O Rd8 12. Qb3 Nc6 13. Rad1 Nxd4 14. Nxd4 Rxd4 15. Rxd4 Qxd4 16. Rd1 Qf6 17. Qd3 Qg5 18. g3 h5 19. h4 Qe5 20. Bf3 Bxf3 21. Qxf3 Rf8 22. b3 Kh7 23. Kg2 Kg6 24. Rd3 f5 25. Re3 Qd6 26. Qe2 Rf6 27. f4 a6 28. Kh2 c5 29. a3 Kh6 30. Rd3 Qc6 31. Rd8 g6 32. Kg1 Rf7 33. Qd3 Re7 34. Rh8+ Rh7 35. Qd8 Qb7 36. Qg5+ Kg7 37. Re8 Kf7 38. Qd8 b5 39. Rf8+ Kg7 40. Rg8+ Kh6 41. Qg5# 1-0

[Event "CAN-op"]
[Site "Victoria CAN"]
[Date "2012.07.10"]
[Round "5"]
[White "Wagner, Bernd"]
[Black "Smith, Andrew M"]
[Result "1-0"]
[WhiteElo "2218"]
[BlackElo "2024"]
[PlyCount "59"]
[GameId "2160767909508206"]
[EventDate "2012.07.08"]
[EventType "swiss"]
[EventRounds "9"]
[EventCountry "CAN"]

1. e4 Nf6 2. e5 Nd5 3. d4 d6 4. f4 Bf5 5. Nf3 e6 6. Nc3 Nxc3 7. bxc3 dxe5 8. fxe5 c5 9. Rb1 Qc7 10. Bd3 Bg6 11. O-O Be7 12. Bg5 Nc6 13. Bxe7 Qxe7 14. Rb5 cxd4 15. cxd4 O-O 16. Bxg6 hxg6 17. Qd2 Rad8 18. c3 a6 19. Rbb1 b5 20. Qf4 f6 21. Qe4 Qc7 22. Qxg6 b4 23. cxb4 Nxd4 24. Nxd4 Rxd4 25. exf6 Rf7 26. fxg7 Rxg7 27. Qxe6+ Kh7 28. Qh3+ Kg8 29. Rbc1 Rc4 30. Qe6+ 1-0

[Event "CAN-op"]
[Site "Victoria CAN"]
[Date "2012.07.10"]
[Round "5"]
[White "Wang, Richard"]
[Black "Hansen, Eric"]
[Result "1-0"]
[WhiteElo "2322"]
[BlackElo "2460"]
[PlyCount "57"]
[GameId "2160767909508207"]
[EventDate "2012.07.08"]
[EventType "swiss"]
[EventRounds "9"]
[EventCountry "CAN"]
[SourceTitle "CBM 149 Extra"]
[Source "ChessBase"]
[SourceDate "2012.08.24"]
[SourceVersion "1"]
[SourceVersionDate "2012.08.24"]
[SourceQuality "1"]

1. d4 Nf6 2. Nf3 e6 3. e3 b6 4. Bd3 Bb7 5. O-O Be7 6. Nbd2 c5 7. b3 Nc6 8. a3 O-O 9. Bb2 Qc7 10. Qe2 cxd4 11. exd4 Qf4 12. Rfe1 Rac8 13. Rad1 Rfe8 14. b4 d5 15. b5 Na5 16. Ne5 Bd6 17. g3 Qh6 18. Bc1 Qh3 19. f3 Qh5 20. Qf2 g5 21. h4 g4 22. Nf1 gxf3 23. Nh2 Be7 24. g4 Nxg4 25. Nhxg4 Kh8 26. Qxf3 f6 27. Nh6 Rg8+ 28. Kf1 Qxh4 29. Nef7+ 1-0

[Event "CAN-op"]
[Site "Victoria CAN"]
[Date "2012.07.10"]
[Round "5"]
[White "Wu, Howard"]
[Black "Calugar, Arthur"]
[Result "0-1"]
[WhiteElo "2120"]
[BlackElo "2273"]
[PlyCount "82"]
[GameId "2160767909508208"]
[EventDate "2012.07.08"]
[EventType "swiss"]
[EventRounds "9"]
[EventCountry "CAN"]
[SourceTitle "CBM 149 Extra"]
[Source "ChessBase"]
[SourceDate "2012.08.24"]
[SourceVersion "1"]
[SourceVersionDate "2012.08.24"]
[SourceQuality "1"]

1. e4 c5 2. Nf3 e6 3. d4 cxd4 4. Nxd4 Nc6 5. Nc3 Qc7 6. Ndb5 Qb8 7. Be3 a6 8. Bb6 axb5 9. Nxb5 Bb4+ 10. c3 Ba5 11. Nc7+ Qxc7 12. Bxc7 Bxc7 13. Qg4 g6 14. Bc4 Nge7 15. Qe2 O-O 16. O-O d5 17. exd5 exd5 18. Bb3 Be6 19. Rfd1 Rfd8 20. Rd3 Rd6 21. c4 d4 22. c5 Rd5 23. Bxd5 Nxd5 24. Rdd1 Ra5 25. Qc2 Ndb4 26. Qd2 Rxc5 27. Rac1 Rh5 28. h3 Bxa2 29. Ra1 Rd5 30. Qe2 Kg7 31. Qe8 Rd8 32. Qe2 d3 33. Qd2 Ba5 34. Qc3+ f6 35. Qa3 Bf7 36. Qa4 Bc4 37. Rd2 Nc2 38. Rxc2 b5 39. Qa3 dxc2 40. Qf3 Ne5 41. Qb7+ Rd7 0-1

[Event "CAN-op"]
[Site "Victoria CAN"]
[Date "2012.07.10"]
[Round "5"]
[White "Xiao, Alice"]
[Black "McKay, Arnold"]
[Result "1-0"]
[WhiteElo "1821"]
[BlackElo "1830"]
[PlyCount "67"]
[GameId "2160767909508209"]
[EventDate "2012.07.08"]
[EventType "swiss"]
[EventRounds "9"]
[EventCountry "CAN"]

1. e4 e6 2. Nf3 c5 3. Nc3 Nc6 4. d4 cxd4 5. Nxd4 a6 6. Be3 Bb4 7. Nxc6 Bxc3+ 8. bxc3 bxc6 9. Bd3 Ne7 10. O-O a5 11. Qe2 Ng6 12. f4 O-O 13. f5 Ne5 14. f6 gxf6 15. Qh5 Kh8 16. Bd4 d6 17. Rf4 Rg8 18. Raf1 Rg6 19. Qh4 Qg8 20. g3 c5 21. Bxe5 dxe5 22. Rxf6 Ra7 23. Rxg6 Qxg6 24. Qd8+ Qg8 25. Qf6+ Qg7 26. Qd8+ Qg8 27. Qd6 Qg7 28. Qb8 f6 29. Qxc8+ Qg8 30. Qxg8+ Kxg8 31. Rxf6 Rb7 32. Rxe6 Rb2 33. Rxe5 Rxa2 34. Bc4+ 1-0

[Event "CAN-op"]
[Site "Victoria CAN"]
[Date "2012.07.10"]
[Round "5"]
[White "Yam, Alex"]
[Black "Patterson, Roger"]
[Result "1-0"]
[WhiteElo "2252"]
[BlackElo "2101"]
[PlyCount "53"]
[GameId "2160767909508210"]
[EventDate "2012.07.08"]
[EventType "swiss"]
[EventRounds "9"]
[EventCountry "CAN"]
[SourceTitle "CBM 149 Extra"]
[Source "ChessBase"]
[SourceDate "2012.08.24"]
[SourceVersion "1"]
[SourceVersionDate "2012.08.24"]
[SourceQuality "1"]

1. Nc3 c5 2. Nf3 Nc6 3. e4 d6 4. d4 cxd4 5. Nxd4 Nf6 6. Bc4 e6 7. Bb3 Be7 8. O-O O-O 9. Kh1 Na5 10. f4 Nxb3 11. axb3 e5 12. Nf3 exf4 13. Bxf4 Be6 14. Qd4 Nh5 15. Be3 a6 16. Nd5 Bf6 17. Qd3 Bxb2 18. Bb6 Qd7 19. Ra5 Bxd5 20. Rxd5 Nf4 21. Rxd6 Qg4 22. Qd2 Bc3 23. Qf2 Ng6 24. Rd3 Rac8 25. Bc5 Rxc5 26. Qxc5 Nf4 27. g3 1-0

[Event "CAN-op"]
[Site "Victoria CAN"]
[Date "2012.07.10"]
[Round "5"]
[White "Yoos, John"]
[Black "Chen, Howard"]
[Result "1-0"]
[WhiteElo "2343"]
[BlackElo "2357"]
[PlyCount "26"]
[GameId "2160767909508211"]
[EventDate "2012.07.08"]
[EventType "swiss"]
[EventRounds "9"]
[EventCountry "CAN"]
[SourceTitle "CBM 149 Extra"]
[Source "ChessBase"]
[SourceDate "2012.08.24"]
[SourceVersion "1"]
[SourceVersionDate "2012.08.24"]
[SourceQuality "1"]

1. e4 d6 2. d4 g6 3. Nc3 Bg7 4. Be3 a6 5. Nf3 Nd7 6. Qd2 b5 7. Bd3 Bb7 8. a4 b4 9. Ne2 Ngf6 10. Ng3 c5 11. Bh6 Bxh6 12. Qxh6 cxd4 13. Nxd4 Qb6 1-0

[Event "CAN-op"]
[Site "Victoria CAN"]
[Date "2012.07.10"]
[Round "5.42"]
[White "Davidson, Brian"]
[Black "North, Robert"]
[Result "0-1"]
[WhiteElo "1768"]
[BlackElo "1913"]
[PlyCount "30"]
[GameId "2160767909508212"]
[EventDate "2012.07.08"]
[EventType "swiss"]
[EventRounds "9"]
[EventCountry "CAN"]
[SourceTitle "EXT 2022"]
[Source "ChessBase"]
[SourceDate "2021.10.06"]
[SourceVersion "1"]
[SourceVersionDate "2021.10.06"]
[SourceQuality "1"]

1. d4 Nf6 2. c4 g6 3. Nf3 Bg7 4. Nc3 d5 5. Qc2 O-O 6. h3 Na6 7. a3 c5 8. dxc5 Bf5 9. Qd1 dxc4 10. Nd2 Nxc5 11. Nxc4 Qxd1+ 12. Kxd1 Nb3 13. Rb1 Bxb1 14. Nxb1 Nxc1 15. Kxc1 Rac8 0-1

[Event "CAN-op"]
[Site "Victoria CAN"]
[Date "2012.07.??"]
[Round "6"]
[White "Leblanc, Paul"]
[Black "Weller, Tony"]
[Result "1-0"]
[WhiteElo "1887"]
[BlackElo "1893"]
[PlyCount "115"]
[GameId "2160767909508213"]
[EventDate "2012.07.08"]
[EventType "swiss"]
[EventRounds "9"]
[EventCountry "CAN"]
[SourceTitle "EXT 2022"]
[Source "ChessBase"]
[SourceDate "2021.10.06"]
[SourceVersion "1"]
[SourceVersionDate "2021.10.06"]
[SourceQuality "1"]

1. d4 Nf6 2. c4 e5 3. dxe5 Ng4 4. Nf3 Bc5 5. e3 Nc6 6. Be2 Ngxe5 7. O-O O-O 8. Nc3 d6 9. a3 a6 10. b4 Ba7 11. Bb2 Be6 12. Nd5 Nxf3+ 13. Bxf3 Ne5 14. Be2 c6 15. Bxe5 dxe5 16. Nc3 Qc7 17. Qc2 f5 18. c5 Rad8 19. Rad1 Bb8 20. e4 f4 21. Nb1 Qf7 22. Nd2 Rd4 23. Nf3 Bb3 24. Qb2 Bxd1 25. Nxd4 Bxe2 26. Nxe2 f3 27. Ng3 Qf4 28. Rd1 fxg2 29. Rd7 g6 30. Kxg2 h5 31. Qb3+ Kh8 32. Qe3 Kg8 33. Rxb7 h4 34. Qxf4 exf4 35. Nf1 Be5 36. Rb6 a5 37. Rxc6 axb4 38. axb4 Rb8 39. Rxg6+ Kf7 40. Rb6 Rxb6 41. cxb6 Ke6 42. Kh3 Kd7 43. Kxh4 Bd4 44. f3 Bxb6 45. Kg5 Be3 46. h4 Ke6 47. Nh2 Bb6 48. Ng4 Bd8+ 49. Kh5 Kd6 50. Nf2 Ke5 51. Nd3+ Kd4 52. Nxf4 Ke3 53. Ne6 Be7 54. Kg4 Bxb4 55. h5 Bc3 56. h6 Bb2 57. h7 Bc3 58. Ng5 1-0

[Event "CAN-op"]
[Site "Victoria CAN"]
[Date "2012.07.??"]
[Round "6"]
[White "Milne, Arthur"]
[Black "Hannan, Kelsey"]
[Result "0-1"]
[WhiteElo "1911"]
[BlackElo "1749"]
[PlyCount "24"]
[GameId "2160767909508214"]
[EventDate "2012.07.08"]
[EventType "swiss"]
[EventRounds "9"]
[EventCountry "CAN"]
[SourceTitle "EXT 2022"]
[Source "ChessBase"]
[SourceDate "2021.10.06"]
[SourceVersion "1"]
[SourceVersionDate "2021.10.06"]
[SourceQuality "1"]

1. e4 d5 2. Nc3 dxe4 3. Nxe4 Bf5 4. Ng3 Bg6 5. d4 Nf6 6. Nf3 Nc6 7. Bb5 Qd6 8. O-O O-O-O 9. Be3 Ng4 10. c3 a6 11. Ba4 h5 12. Ne4 Bxe4 0-1

[Event "CAN-op"]
[Site "Victoria CAN"]
[Date "2012.07.10"]
[Round "6"]
[White "Bragg, David"]
[Black "Laceste, Loren"]
[Result "1-0"]
[WhiteElo "2165"]
[BlackElo "2297"]
[PlyCount "43"]
[GameId "2160767909508215"]
[EventDate "2012.07.08"]
[EventType "swiss"]
[EventRounds "9"]
[EventCountry "CAN"]
[SourceTitle "CBM 149 Extra"]
[Source "ChessBase"]
[SourceDate "2012.08.24"]
[SourceVersion "1"]
[SourceVersionDate "2012.08.24"]
[SourceQuality "1"]

1. d4 d5 2. c4 c6 3. Nf3 Nf6 4. g3 a6 5. Bg2 Bf5 6. O-O e6 7. Qb3 b5 8. cxb5 cxb5 9. Bf4 Bd6 10. a4 b4 11. Rc1 O-O 12. Ne5 a5 13. Nd2 Qb6 14. Nec4 dxc4 15. Nxc4 Qa7 16. Nxd6 Nbd7 17. Nxf5 exf5 18. Rc7 Qb6 19. Bxa8 Rxa8 20. Rac1 Rf8 21. e3 h6 22. R1c6 1-0

[Event "CAN-op"]
[Site "Victoria CAN"]
[Date "2012.07.10"]
[Round "6"]
[White "Calugar, Arthur"]
[Black "Yam, Alex"]
[Result "1/2-1/2"]
[WhiteElo "2273"]
[BlackElo "2252"]
[PlyCount "102"]
[GameId "2160767909508216"]
[EventDate "2012.07.08"]
[EventType "swiss"]
[EventRounds "9"]
[EventCountry "CAN"]
[SourceTitle "CBM 149 Extra"]
[Source "ChessBase"]
[SourceDate "2012.08.24"]
[SourceVersion "1"]
[SourceVersionDate "2012.08.24"]
[SourceQuality "1"]

1. Nf3 Nf6 2. b3 g6 3. Bb2 Bg7 4. g3 O-O 5. Bg2 c5 6. O-O Nc6 7. d4 d5 8. e3 Ne4 9. Ne5 Qc7 10. Nxc6 bxc6 11. Nd2 f5 12. f3 Nd6 13. Qe2 a5 14. c4 Ba6 15. Rfe1 Qa7 16. Qd3 Rab8 17. Bc3 Rfd8 18. dxc5 dxc4 19. Qc2 Bxc3 20. Qxc3 Qxc5 21. Rac1 Qb4 22. Bf1 a4 23. Qxb4 Rxb4 24. Rc3 axb3 25. axb3 c5 26. Rec1 Nb5 27. Bxc4+ Rxc4 28. Nxc4 Nxc3 29. Rxc3 Bxc4 30. Rxc4 Rd3 31. Kf2 Rxb3 32. Rxc5 Rb2+ 33. Kg1 Re2 34. Re5 Kf7 35. h4 Kf6 36. f4 h6 37. Kf1 Rd2 38. Ra5 e6 39. Ra7 Rb2 40. Rc7 g5 41. hxg5+ hxg5 42. Ra7 Rc2 43. Rb7 Ra2 44. Rc7 Kg6 45. Re7 Ra6 46. Kg2 Kh5 47. Kf3 Ra2 48. fxg5 Ra6 49. Rg7 Ra4 50. g6 Rg4 51. Rg8 Rxg6 1/2-1/2